A quel parti politique français fait iel parti.e ? #3 - Statistiques

Statistiques générales
  • Ce quiz a été pris 194 fois
  • Le résultat moyen est 15 sur 23
Statistiques - réponses
Personnalité Parti Politique % Correct
Jean-Luc Mélenchon La France Insoumise
96%
Gérard Darmanin La République en Marche / Renaissance
96%
Marine Le Pen Rassemblement National
96%
Gabriel Attal La République en Marche / Renaissance
95%
Elizabeth Borne La République en Marche / Renaissance Territoire de Progrès
89%
Marion Maréchal Reconquête
86%
Nathalie Arthaud Lutte Ouvrière
85%
Laurent Wauquiez Les Républicains
83%
Jean-François Copé Les Républicains
82%
Olivier Faure Parti Socialiste
79%
Édouard Philippe Horizons
76%
Carole Delga Parti Socialiste
74%
Michel Barnier Les Républicains
72%
Julien Bayou Europe Écologie Les Verts
70%
Florian Philippot Les Patriotes
51%
Hélène Thouy Parti Animaliste
51%
Raphaël Glucksman Place Publique
49%
Jean-Christophe Lagarde Union des Démocrates Indépendants
41%
François Asselineau Union Populaire Républicaine
38%
Delphine Batho Génération écologie
24%
Jacques Bompard Ligue du Sud
17%
Nagib Azergui Union des démocrates musulmans français
6%
Gaspard Koenig Simple
4%
Aucun quiz correspondant
Distribution des résultats
% des personnes avec chaque résultat
Percentile par nombre de réponses
Votre historique - résultats
Vous n’avez pas pris ce quiz